| 000 | 00464nam a22001577a 4500 | ||
|---|---|---|---|
| 005 | 20251108172046.0 | ||
| 008 | 250721s1988 xx 000 0 ara d | ||
| 082 | 1 | 4 | _a350/محم |
| 100 | 1 | _aعبد الفتاح، محمد سعيد | |
| 245 | 1 | 0 | _aالإدارة العامة / |
| 264 | 1 |
_aالاسكندرية : _bدار الجامعية للنشر، _c1988. |
|
| 300 | _a478ص | ||
| 650 | 1 | 7 | _aالإدارة العامة |
| 942 |
_2ddc _cBK |
||
| 999 |
_c69369 _d69369 |
||